01063nam a2200277 i 4500003000900000005001700009008004100026040004300067043001200110082002100122245012900143264007500272300004500347336002600392337002800418338002700446504004100473651002800514651003000542653002300572655001700595700003100612942001200643999001700655952011300672EG-ScBUE20230806110717.0171227s1970 enka f b 000 0 eng d aEG-ScBUEbengerdacEG-ScBUEdEG-ScBUE ae-uk-en04222a914.281bDUR00aDurham county and city with teesside /cedited by John C. Dewdney, senior lecturer in Geography in the University of Durham. 1aDurham :bLocal Executive Committee of the British Association,c1970. axix, 522 pages :billustrations ;c24 cm 2rdacontentatextbtxt 2rdamediaaunmediatedbn 2rdacarrieravolumebnc aIncludes bibliographical references. 7aDurham (England)2BUEsh 7aTeesside (England)2BUEsh bGGENcDecember2017 vReading book1 aDewdney, John C.,eeditor. 2ddccBB c25816d25788 00102ddc4070aMAINbMAINc2NDd2017-12-27l0o914.281 DURp000047042r2025-07-15 00:00:00w2017-12-27yBB